000 01648cam a2200469 a 4500
001 39648
005 20230410101711.0
008 940811s1994 fr ac b 000 0 fre
010 _a 94234594
035 _a(OCoLC)ocm31291461
040 _aCaOONL
_cDLC
_dOCLCQ
_dNLGGC
016 _a940094185
020 _a2867389909 (Alternatives) :
_c250F
020 _a9782867389900 (Alternatives)
020 _a2920862790 (CIDIHCA) :
_c$39.95
020 _a9782920862791 (CIDIHCA)
029 1 _aNLGGC
_b127431403
035 _a(OCoLC)31291461
042 _alccopycat
043 _anwht---
050 1 4 _a110 ND 2677
_bN638j 1994
082 0 0 _a751.7/3/097294
100 1 _aNicolas, Mireille.
245 1 0 _aJistis :
_bmurs peints d'Haiti, decembre 1990-fevrier 1991 /
_cMireille Nicolas ; avec une interview du president Aristide par C. Wargny.
260 _aParis :
_bEditions Alternatives ;
_aMontreal :
_bEditions du CIDIHCA,
_cc1994.
300 _a133 p. :
_bcol. ill., col. ports. ;
_c27 cm.
504 _aComprend des ref. bibliogr.: p. [120].
505 2 _aPeintures murales : interview du president Aristide / par Christophe Wargny.
650 6 _aArt dans la rue
_zHaiti.
650 6 _aHaiti dans l'art.
651 6 _aHaiti
_xPolitique et gouvernement
_y1986-
600 1 6 _aAristide, Jean-Bertrand.
650 0 _aStreet art
_zHaiti.
650 0 _aHaiti in art.
650 4 _aCEH
650 4 _aColección Estudios Haitianos
651 0 _aHaiti
_xPolitics and government
_y1986-
600 1 0 _aAristide, Jean-Bertrand.
700 1 _aAristide, Jean-Bertrand.
_tPeintures murales.
942 _2lcc
_cbk
994 _aC0
_bDRFGD
999 _c12343
_d12343